| 000 | 00397nam a2200169Ia 4500 | ||
|---|---|---|---|
| 008 | 230524s9999 xx 000 0 und d | ||
| 082 |
_a539.7 _bPAN |
||
| 100 | _aM.L.Pandya | ||
| 245 | 0 | _aElements of Nuclear Physics | |
| 250 | _a7TH | ||
| 260 |
_aNEW DELHI _bKedarnath _c2004 |
||
| 300 | _a607 | ||
| 500 | _aQuantity Number: 5 | ||
| 650 | _aPhysics | ||
| 700 | _a R.P.S.Yadav | ||
| 942 | _cBK | ||
| 999 |
_c10366 _d10366 |
||